[Event "Gausdal GM-A"]
[Site "Gausdal"]
[Date "2005.04.17"]
[Round "5"]
[White "Lie, Kjetil A"]
[Black "Nordahl, Helge Andreas"]
[Result "1/2-1/2"]
[WhiteElo "2495"]
[BlackElo "2402"]
[Annotator "Gofshtein,L"]
[PlyCount "99"]
[EventDate "2005.04.13"]
[EventType "tourn"]
[EventRounds "9"]
[EventCountry "NOR"]
[EventCategory "10"]
[SourceTitle "CBM 107"]
[Source "ChessBase"]
[SourceDate "2005.08.01"]
[SourceVersion "1"]
[SourceVersionDate "2005.08.01"]
[SourceQuality "1"]

1. e4 c5 2. Nf3 d6 3. d4 Nf6 4. Nc3 cxd4 5. Nxd4 a6 6. Bg5 e6 7. f4 Be7 8. Qf3
Qc7 9. O-O-O Nbd7 10. Bd3 h6 11. Bh4 g5 12. e5 (12. fxg5 Ne5 13. Qe2 Nfg4 14.
Nf3 hxg5 15. Bg3 Nxf3 16. gxf3 Ne5 17. f4 gxf4 18. Bxf4 Bd7 $14) 12... gxh4 13.
exf6 Nxf6 (13... Bxf6 14. Nde2 Nc5 15. f5 $36) 14. f5 e5 15. Nb3 $146 {[%mdl 8]
A novelty. The usual line, which is played in this position is 15.Nde2 which
looks logical, because White plans to play Nd5 and Nec3.} (15. Nde2 Bd7 16. Be4
(16. Ne4 Nd5 17. f6 Bf8 18. N4c3 Nb6 19. Be4 $16 {1-0 Kristensen,K-Molvig,H/
Copenhagen 1995/EXT 97 (31)}) (16. Bc4 Bc6 17. Nd5 Nxd5 18. Bxd5 Bg5+ 19. Kb1
O-O-O 20. Rd3 $14 {1/2-1/2 Semenova,I-Druzhinina,O/Serpukhov 2002/EXT 2003 (29)
}) 16... Bc6 17. Nd5 Bxd5 18. Bxd5 Nxd5 (18... Rc8 19. Nc3 b5 20. Bb3 Qc6 (
20... Rg8 21. g3 Qc5 22. Nd5 Kf8 $13 {0-1 Abbasi,N-Britton,R/London 1994/EXT
99 (54)}) 21. Qe2 Rg8 22. Nd5 $44 {Nunn-Ljuboevic,London 1980}) 19. Rxd5 Bg5+
20. Kb1 O-O-O $13 {Nunn-Ljuboevic,London 1980 Stean-Garcia-Gonsales Lublin 1975
}) 15... Bd7 16. Be4 Bc6 17. Nd5 Bxd5 $6 {Black releases the tension too early.
17...Nd5 18.Bd5 Rc8 deserves attention, with an unclear struggle.} (17... Nxd5
$5 18. Bxd5 Rc8 19. c3 Bg5+ 20. Kb1 b5 $132) 18. Bxd5 Nxd5 (18... Rc8 19. c3)
19. Rxd5 Rc8 {[%cal Gc7c2]} 20. c3 {White has a better position because of the
unsuccessful position of the black king and the weak white squares in the
black camp.} Qc4 {[%cal Gc4g4]} 21. f6 Bf8 22. Re1 {[%cal Ge1e4] By bringing
the rook to the centre White further strengthens his position.} Rg8 {[%cal
Gg8g2] Black also activates his pieces.} 23. Nd2 $1 {White brings his knight
to the centre, which gives him a clear advantage.} Qg4 (23... Qxa2 24. Qf5 Kd8
25. Rexe5 $36) 24. Qd3 $5 Qf4 25. Rxd6 $1 Rxg2 26. Qh3 (26. Rd5 $1 $18 Rg5 27.
Kb1 Qxf6 28. Nf3 $36) 26... Rc7 27. Rd5 Rg5 28. Qf3 $6 {The simple 28.Qd3
enabled White's win.} (28. Qd3 $5 Qxf6 29. Ne4 Qf4+ 30. Kb1 $18) 28... Qxf3 29.
Nxf3 Rd7 (29... Rc6 30. Nxg5 hxg5 31. Rexe5+ Re6 32. Kd1 $18) 30. Rxd7 (30.
Rdxe5+ Rxe5 31. Rxe5+ Kd8 $16) 30... Kxd7 31. Nxg5 hxg5 32. Rxe5 Bd6 33. Re2 h3
{33...Bf4+ deserves attention and it's very hard to evaluate the arising
endgame.} (33... Bf4+ 34. Kc2 (34. Kd1 Kd6 35. h3 Be5) 34... Kd6 35. h3 Be5 36.
Kd3 Ke6 37. Ke4 Kxf6) 34. Kd1 $6 (34. Kd2 $5 g4 35. Kd3 g3 (35... b6 36. Kd4
Kc6 37. Ke4 $16) 36. hxg3 Bxg3 37. Re7+ Kd6 38. Rxf7 Ke6 39. Rh7 h2 40. f7 Ke7
41. c4 $18) 34... g4 35. Ke1 $4 {It was still not too late to play 35.Kd2.} (
35. Kd2 $5 b5 36. Kd3 $16 Kc6 37. Ke4 g3 38. hxg3 Bxg3 39. Kf3) 35... g3 36.
hxg3 h2 $1 37. Rxh2 Bxg3+ 38. Rf2 Ke6 39. c4 Bxf2+ 40. Kxf2 Kxf6 41. b4 Ke5 42.
Ke3 {[%mdl 4096] The simple 42...f5 was already winning.} f6 $2 (42... f5 $1
43. a4 f4+ 44. Kd3 (44. Kf3 Kd4 45. c5 Kc4 46. b5 axb5 47. c6 bxc6 48. a5 Kc5
49. Kxf4 b4) 44... f3 45. c5 (45. a5 Kf4) (45. b5 axb5 46. cxb5 Kf4 47. a5 Kg3
$19) 45... Kf4 46. b5 axb5 47. axb5 Kg3 48. c6 f2 $19) 43. a4 b6 (43... f5 44.
a5 f4+ 45. Kf3 Kd4 46. b5 Kxc4 47. bxa6 bxa6 48. Kxf4 Kb5 49. Ke3 Kxa5 50. Kd3
Kb4 51. Kc2 $11) 44. a5 bxa5 45. bxa5 Kd6 46. Kd4 Kc6 47. c5 f5 48. Ke5 Kxc5
49. Kxf5 Kb4 50. Ke4 1/2-1/2

[Event "GER-ch 75th"]
[Site "Hoeckendorf"]
[Date "2004.02.03"]
[Round "5"]
[White "Luther, Thomas"]
[Black "Ott, Frank"]
[Result "1-0"]
[WhiteElo "2572"]
[BlackElo "2313"]
[Annotator "Gutman,L"]
[PlyCount "85"]
[EventDate "2004.01.30"]
[EventType "swiss"]
[EventRounds "9"]
[EventCountry "GER"]
[SourceTitle "CBM 100"]
[Source "ChessBase"]
[SourceDate "2004.06.01"]
[SourceVersion "1"]
[SourceVersionDate "2004.06.01"]
[SourceQuality "1"]

1. e4 c5 2. Nf3 d6 3. d4 cxd4 4. Nxd4 Nf6 5. Nc3 a6 6. Bg5 e6 7. f4 h6 (7...
Be7 8. Qf3 Qc7 9. O-O-O Nbd7 10. Bd3 h6 11. Qh3 Rg8 12. Bxf6 Nxf6 13. f5 e5 14.
Nf3 Bd7 15. Nd2 b5 16. Nd5 Nxd5 17. exd5 Bg5 18. Kb1 Bxd2 19. Rxd2 O-O-O 20.
Qh5 f6 21. c4 {Naiditsch- Schurade, R 4}) 8. Bh4 Be7 9. Qf3 Qc7 10. O-O-O Nbd7
11. Bd3 g5 12. fxg5 Ne5 13. Qe2 Nfg4 14. Nf3 Nxf3 15. Qxf3 $5 (15. gxf3 hxg5
16. Bg3 Ne5 17. h4 gxh4 18. f4 Nxd3+ 19. Qxd3 Bd7 20. f5 O-O-O {Voigt- Ott, R 8
}) 15... hxg5 16. Bg3 Ne5 17. Bxe5 dxe5 18. Rdf1 Rh7 19. h4 b5 20. Kb1 Rg7 21.
hxg5 b4 22. g6 bxc3 23. gxf7+ Kd7 24. f8=Q Bxf8 25. Qxf8 Kc6 26. Bc4 Qe7 27.
Bxe6 Rb8 28. Bd5+ Kc7 29. Qxe7+ Rxe7 30. b3 Bb7 31. Bxb7 Kxb7 32. Rh3 Rg8 33.
Rxc3 Rxg2 34. Rf5 Re2 35. Rc4 Re6 36. Kb2 Kb6 37. a3 a5 38. a4 Rh2 39. Rf8 Kb7
40. Rd8 Rh4 41. Rd5 Kb6 42. Rb5+ Ka6 43. Rc8 1-0

[Event "Nuremberg LGA Cup 8th"]
[Site "Nuremberg"]
[Date "2011.09.09"]
[Round "3"]
[White "Mons, Leon"]
[Black "Danin, Alexandre"]
[Result "1-0"]
[WhiteElo "2325"]
[BlackElo "2542"]
[Annotator "Gutman,L"]
[PlyCount "55"]
[EventDate "2011.09.08"]
[EventType "swiss"]
[EventRounds "7"]
[EventCountry "GER"]
[SourceTitle "CBM 144 Extra"]
[Source "ChessBase"]
[SourceDate "2011.10.28"]
[SourceVersion "1"]
[SourceVersionDate "2011.10.28"]
[SourceQuality "1"]

1. e4 c5 2. Nf3 d6 3. d4 Nf6 4. Nc3 cxd4 5. Nxd4 a6 6. Bg5 e6 7. f4 Be7 8. Qf3
h6 9. Bh4 Qc7 10. O-O-O Nbd7 11. Be2 b5 {Laut Ftacnik, The Sizilian Defence,
Quality Chess, 2010, ist dies die sicherste Antwort, während nach John, "The
Comptete Naidorf", Batsford 1996, 11...Tb8 das kleinere Übel gewesen wäre.} 12.
Bxf6 Nxf6 13. e5 Bb7 14. Qg3 dxe5 15. fxe5 Nd7 $6 ({In Bok-Griffiths, Paris
2011, folgte} 15... Nd5 16. Nxe6 fxe6 17. Qg6+ Kd7 18. Bg4 Qxe5 19. Nxd5 Qg5+
20. Qxg5 Bxg5+ 21. Kb1 Bxd5 22. Rxd5+ Kc7 23. Re5 Rhe8 24. Rhe1 Rad8 25. Rxe6
Rxe6 26. Rxe6 Rd6 {(Von Ftacnik mit einigen Remischancen angegeben - aus
schwarzer Sicht eine ziemlich "magere" Empfehlung)} 27. Re8 Rd8 28. Re4 Rd2 29.
Bf3 Bf6 30. a3 Rd4 31. Re3 $14 {und Weiß setzte sich durch.}) 16. Nxe6 fxe6 17.
Qg6+ $2 ({Besser geschah} 17. Bh5+ Kd8 18. Qxg7 Rf8 19. Bg4 {(Soweit Ftacnik)}
{19...} Qc6 20. Kb1 Rc8 21. Rd2 ({Oder} 21. Qxh6 $5 Kc7 22. Bf3 Rxf3 23. gxf3
Kb8 24. Qg7 $16 {Azarov-Kostromin, Ukrainische Liga 2011}) 21... Rc7 22. Rhd1
h5 23. Bxh5 b4 24. Bf3 bxc3 (24... Qb6 25. Ne2 Bxf3 26. gxf3 $16) 25. Bxc6 cxd2
26. Bxb7 Rxb7 27. b3 Rb5 28. Rxd2 Rxe5 29. Qh7 Ref5 30. h4 $16) 17... Kd8 18.
Qxe6 Re8 19. Kb1 Bg5 $2 ({Verliert die Partie, während} 19... Bf6 {zum remis
reicht,} 20. Qf7 ({Oder} 20. Rxd7+ Qxd7 21. Qb6+ Qc7 22. Qd4+ Qd7 23. Qb6+ Qc7
$11) 20... Re7 21. Qg8+ Re8 22. Qf7 Re7 {Quinteros-Ostermeyer,Hannover 1983})
20. Qf7 Rxe5 21. Bg4 Re7 22. Qf8+ Re8 23. Qxg7 Bc6 ({Kaum besser wäre} 23...
Re7 24. Qg8+ Re8 25. Qg6 $18) 24. h4 Be3 25. Bxd7 Bxd7 26. Nd5 Qd6 27. Nxe3 Qe7
28. Qd4 1-0

[Event "Czerniak Memorial 12th"]
[Site "Tel Aviv"]
[Date "1996.??.??"]
[Round "4"]
[White "Shmuter, Leonid"]
[Black "Kaspi, Alexander"]
[Result "1-0"]
[WhiteElo "2490"]
[BlackElo "2475"]
[Annotator "Har Zvi,R"]
[PlyCount "71"]
[EventDate "1996.04.??"]
[EventType "tourn"]
[EventRounds "11"]
[EventCountry "ISR"]
[EventCategory "9"]
[SourceTitle "CBM 053"]
[Source "ChessBase"]
[SourceDate "1996.08.01"]
[SourceVersion "1"]
[SourceVersionDate "1996.08.01"]
[SourceQuality "1"]

1. e4 {Bykhovsky,Av} c5 2. Nf3 d6 3. d4 cxd4 4. Nxd4 Nf6 5. Nc3 a6 6. Bg5 e6 7.
f4 Be7 8. Qf3 Qc7 9. O-O-O Nbd7 10. g4 b5 11. Bxf6 Nxf6 12. g5 Nd7 13. f5 Nc5
14. f6 gxf6 15. gxf6 Bf8 16. Rg1 Bd7 17. Rg7 b4 (17... Bxg7 18. fxg7 Rg8 19. e5
$1 $16 {Pasztor,F-Gershon,A/SVE/1991/1:0/35/}) 18. Nd5 exd5 19. exd5 O-O-O 20.
Rxf7 Bh6+ 21. Kb1 Rdf8 22. Rxf8+ $1 $146 {until this game only 22.Re7 was
played, but this move is a big novelty in this line. White is almost winning
by force.} (22. Re7 Bg5 (22... Qd8 23. Rxd7 (23. Rde1 Bd2 24. Rxd7 Qxd7 25. Bh3
Bxe1 26. Bxd7+ Kxd7 27. Qg4+ Kc7 28. Qg7+ Kb6 29. Qe7 $18 {Dietz-Hida/URS/1986/
1:0/34/}) 23... Kxd7 (23... Qxd7 24. Bh3) (23... Nxd7 24. Bxa6+) 24. Qf5+ Kc7
25. Ne6+ Nxe6 26. dxe6 Kb8 (26... Be3 27. Qd5 Bc5 28. e7 $18 {
Chinchilla-Hernandez,G Managua 1987 1-0 58}) (26... Qxf6 27. Qa5+) (26... Rxf6
27. Qa5+ Kb8 28. Qxb4+ Ka7 29. Qd4+ Kb8 30. Bg2 $18) 27. Qe4 Rxf6 28. Bg2 $18 {
Schulz,J-Strube,F Hessen qual-C 1988 1-0 34}) 23. Rxd7 Nxd7 24. Ne6 Qa7 25.
Nxg5 Rxf6 26. Qg4 Kb8 27. Ne6 $16 {Hector,J-Zinic,T Belfort 1988 1-0 62} (27.
Ne6 {Bykhovsky,Av} Rc8 28. Bh3 Rg6 $6 29. Qxb4+ $16 {Heinemann,G-Aaberg,A/
Belfort/1983/1:0/62/})) 22... Rxf8 23. Ne6 $1 Nxe6 24. dxe6 Bxe6 25. Bh3 $1 {
this is white's idea,the bishop can not be taken now because of the hanging
bishop on h6,black's only move 25...Qd7 is also bad,the text move is just
losing without any resistance} Qc4 $6 (25... Qd7 26. Qa8+ Kc7 27. Qa7+ Kc8 (
27... Kd8 28. Qb8+ (28. Qb6+)) (27... Kc6 28. Qxa6+ Kc5 (28... Kc7 29. Qa5+ {
see 27...Kc8}) 29. a3 {and black must give a lot of material not to get
checkmated}) 28. Qxa6+ Kc7 29. Qa5+ Kc8 (29... Kb7 30. Bg2+ $18) (29... Kc6 30.
Rd4 $1 (30. Bf1 Qb7 31. Bg2+ d5 32. Rxd5) 30... Rxf6 (30... Rb8 31. Qa4+ (31.
Rc4+ Bxc4 32. Bxd7+ Kxd7 33. Qa7+ Kc8 34. Qe7 $1 {with f7-f8 also seems good
enough for a quick win} Rb7 35. Qe8+ Kc7 36. Qe4 $1 {winning one of the
bishops,Qxc4,Qxh7}) 31... Kc7 32. Rc4+ Kd8 33. Qa5+ Ke8 34. Re4 {and white is
winning}) 31. Rc4+ $1 Bxc4 32. Qa4+ $18) 30. Rd4 $1 {white bring's also the
rook into the attack when black can not defend this position} (30. Bf1 Qc7 31.
Qa8+ Qb8 32. Qc6+ Qc7 33. Qa6+ Kb8 (33... Qb7 34. Qxd6 $18) 34. Rxd6 Bc8 35.
Rb6+ Bb7 36. Bg2 $18) 30... Bxh3 (30... Rxf6 31. Rc4+ $1 Bxc4 32. Qa8+ Kc7 33.
Qa7+ {and white takes the queen with a check}) 31. Rc4+ Kb7 32. Rxb4+ Kc8 33.
Qa6+ $1 {the quickest and strongest way} Kd8 34. Rb8+ Qc8 35. Qxd6+ Bd7 36.
Qb6+ $1 Ke8 37. Qc5 {and black is losing more material!} Kf7 38. Rxc8 Bxc8 39.
Qh5+) 26. b3 Qc5 27. Bxe6+ Kc7 28. Bd5 $1 {preventing the queen from coming to
e5} Kb6 29. Qf5 {white wants to penetrate with Qd7} Be3 30. Qd7 Qc7 31. Qe6 $1
Bg5 32. f7 a5 33. Bc4 $1 Be7 34. Re1 Bg5 35. Qe8 Bh6 36. Qb5+ {and black
resigned,I wonder what can black do against white's big novelty 22.Rxf8 or
maybe this variation is history?!} 1-0

[Event "RUS-ch51"]
[Site "St Petersburg"]
[Date "1998.08.04"]
[Round "8"]
[White "Yemelin, Vasily"]
[Black "Rublevsky, Sergei"]
[Result "1/2-1/2"]
[WhiteElo "2510"]
[BlackElo "2685"]
[Annotator "Hecht,H"]
[PlyCount "144"]
[EventDate "1998.07.28"]
[EventType "swiss"]
[EventRounds "11"]
[EventCountry "RUS"]
[SourceTitle "CBM 067"]
[Source "ChessBase"]
[SourceDate "1998.11.30"]
[SourceVersion "2"]
[SourceVersionDate "1998.11.01"]
[SourceQuality "1"]

1. e4 c5 2. Nf3 d6 3. d4 cxd4 4. Nxd4 Nf6 5. Nc3 a6 6. Bg5 e6 7. f4 Be7 8. Qf3
h6 9. Bh4 Qc7 10. O-O-O Nbd7 11. Bd3 g5 12. fxg5 Ne5 13. Qg3 Rg8 14. Qe1 hxg5
15. Bf2 b5 16. Kb1 Bb7 17. Nf3 Ned7 18. a3 Rc8 19. Bd4 Ne5 20. Qf2 Nc6 21. Bb6
Ng4 22. Qg1 Qb8 23. h3 Nf6 24. Qf2 b4 25. axb4 Nxb4 26. Rhf1 Ba8 27. Bd4 e5 28.
Ba7 Qb7 29. Qb6 Qxb6 30. Bxb6 g4 31. Nd2 gxh3 32. gxh3 Rh8 33. Rf3 d5 34. exd5
Nfxd5 35. Nxd5 Bxd5 36. Be4 Ba2+ 37. Ka1 Be6 38. c3 Nd5 39. Nc4 Rxc4 40. Bxd5
Bxd5 41. Rxd5 f6 42. Bf2 Re4 43. Ra5 Re2 44. Rxa6 Kf7 45. Ra7 Ke6 46. c4 e4 47.
Rf4 Rxh3 48. Bd4 Rf3 49. Rh4 Rd3 50. Ra6+ Kf5 51. Bc3 e3 52. Ra5+ Kg6 53. Rg4+
Kf7 54. Ra7 Rxc3 55. bxc3 {[#] Freibauernrennen. Taktik} f5 56. Rd4 Kf6 57.
Rdd7 Bc5 58. Ra6+ Kg5 59. Rd5 Bf8 60. Kb1 Bg7 61. c5 Bxc3 62. Re6 Bd2 (62...
Rb2+ 63. Kc1 e2 64. c6 {und Weiß ist schneller}) 63. Ree5 Bc3 64. Rxf5+ Kg4 65.
Rf7 Rb2+ 66. Kc1 e2 67. Re7 Ra2 {Die Eroberung von f5 hat Weiß Zeit gekostet,
die Schwarz in die Lage versetzt, das o.a. erfolgbringend durchzuführen. Die
Partie endet harrscharf remis.} 68. c6 e1=Q+ 69. Rxe1 Bxe1 70. c7 Ra8 71. Rd8
Bg3 $1 72. Rxa8 Bxc7 1/2-1/2

[Event "Elenite"]
[Site "Elenite"]
[Date "1995.??.??"]
[Round "4"]
[White "Short, Nigel D"]
[Black "Georgiev, Kiril"]
[Result "1/2-1/2"]
[WhiteElo "2645"]
[BlackElo "2605"]
[Annotator "King,D"]
[PlyCount "51"]
[EventDate "1995.09.??"]
[EventType "tourn"]
[EventRounds "9"]
[EventCountry "BUL"]
[EventCategory "15"]
[SourceTitle "CBM 050"]
[Source "ChessBase"]
[SourceDate "1996.02.01"]
[SourceVersion "1"]
[SourceVersionDate "1996.02.01"]
[SourceQuality "1"]

1. e4 c5 2. Nf3 d6 3. d4 cxd4 4. Nxd4 Nf6 5. Nc3 a6 6. Bg5 e6 7. f4 Be7 8. Qf3
Qc7 9. O-O-O Nbd7 10. Qg3 h6 11. Bh4 {The bishop on h4 encourages Black to go
for the ...g5 break.} g5 12. fxg5 Nh5 13. Qe3 Qc5 {An extremely common theme
in the Najdorf: Black exploits the pin on the bishop on h4 to regain the g5
pawn.} 14. Qd2 Bxg5 {Black simplifies.} (14... hxg5 15. Bf2 Qc7 {would have
been a gamble for Black: he has lost a lot of time, but by not exchanging
bishops, the pawn on d6 has better protection. Black would like to play ...Ne5
and ...Bd7 and castle on the queenside, but whether the king}) 15. Bxg5 Qxg5
16. Nf3 Qxd2+ 17. Rxd2 Ke7 {Now we can see what the ...g5 push has achieved:
the pawn on f4 has been knocked out by the g-pawn, giving Black some control
over the e5 square. Sensibly, Short has covered e5 with the knight, and now
doubles on the} 18. Be2 Nhf6 19. Rhd1 Ne8 20. a4 b6 21. b3 Ra7 22. Kb2 Rc7 23.
Rd4 Bb7 24. Nd2 Rg8 25. g3 Rg5 26. Rc4 1/2-1/2